Leadership: enhancing the lessons of experience (Record no. 13550)

000 -LEADER
fixed length control field 00448nam a22001817a 4500
020 ## - INTERNATIONAL STANDARD BOOK NUMBER
International Standard Book Number 9780078112652
020 ## - INTERNATIONAL STANDARD BOOK NUMBER
International Standard Book Number 0078112656
082 ## - DEWEY DECIMAL CLASSIFICATION NUMBER
Classification number 303.394 HUG
100 ## - MAIN ENTRY--PERSONAL NAME
Personal name Richard L. Hughes
245 ## - TITLE STATEMENT
Title Leadership: enhancing the lessons of experience
250 ## - EDITION STATEMENT
Edition statement 7th ed.
260 ## - PUBLICATION, DISTRIBUTION, ETC.
Place of publication, distribution, etc. New Delhi
Name of publisher, distributor, etc. McGraw Hill
Date of publication, distribution, etc. 2014
300 ## - PHYSICAL DESCRIPTION
Extent 716p.
Other physical details ill.;
650 ## - SUBJECT ADDED ENTRY--TOPICAL TERM
Topical term or geographic name entry element Leadership
700 ## - ADDED ENTRY--PERSONAL NAME
Personal name Robert C. Ginnett
700 ## - ADDED ENTRY--PERSONAL NAME
Personal name Gordon J. Curphy
942 ## - ADDED ENTRY ELEMENTS (KOHA)
Koha item type Book
Holdings
Withdrawn status Lost status Damaged status Not for loan Collection code Permanent Location Current Location Shelving location Date acquired Source of acquisition Cost, normal purchase price Total Checkouts Full call number Barcode Date last seen Date last checked out Price effective from Koha item type
          Central Library (CL) Central Library (CL) General Stacks 04/15/2016 Allied Book Company 1047.74 1 303.394 HUG SEECS013448 01/01/2020 09/27/2019 04/16/2016 Book
© 2023 Central Library, National University of Sciences and Technology. All Rights Reserved.